<?xml version="1.0" encoding="UTF-8"?>
<collection xmlns="http://www.loc.gov/MARC21/slim">
 <record>
  <leader>02110nas a22005057a 4500</leader>
  <controlfield tag="001">000127314</controlfield>
  <controlfield tag="003">CZ-PrVSE</controlfield>
  <controlfield tag="005">20260325143331.0</controlfield>
  <controlfield tag="007">ta</controlfield>
  <controlfield tag="008">081008c19989999ci fr|pfraa   0    0scr d</controlfield>
  <datafield tag="022" ind1=" " ind2=" ">
   <subfield code="a">1331-677X</subfield>
   <subfield code="l">1331-677X</subfield>
  </datafield>
  <datafield tag="040" ind1=" " ind2=" ">
   <subfield code="a">ABA006</subfield>
   <subfield code="b">cze</subfield>
   <subfield code="c">ABA006</subfield>
   <subfield code="d">ABA006</subfield>
  </datafield>
  <datafield tag="041" ind1="0" ind2=" ">
   <subfield code="a">scr</subfield>
   <subfield code="a">eng</subfield>
  </datafield>
  <datafield tag="072" ind1=" " ind2="7">
   <subfield code="a">33</subfield>
   <subfield code="x">Ekonomie</subfield>
   <subfield code="2">Konspekt</subfield>
   <subfield code="9">4</subfield>
  </datafield>
  <datafield tag="072" ind1=" " ind2="9">
   <subfield code="a">330</subfield>
   <subfield code="x">Economics</subfield>
   <subfield code="2">Conspectus</subfield>
   <subfield code="9">4</subfield>
  </datafield>
  <datafield tag="080" ind1=" " ind2=" ">
   <subfield code="a">070</subfield>
   <subfield code="2">MRF</subfield>
  </datafield>
  <datafield tag="080" ind1=" " ind2=" ">
   <subfield code="a">070.486</subfield>
   <subfield code="2">MRF</subfield>
  </datafield>
  <datafield tag="080" ind1=" " ind2=" ">
   <subfield code="a">33</subfield>
   <subfield code="2">MRF</subfield>
  </datafield>
  <datafield tag="080" ind1=" " ind2=" ">
   <subfield code="a">33:001.891</subfield>
   <subfield code="2">MRF</subfield>
  </datafield>
  <datafield tag="080" ind1=" " ind2=" ">
   <subfield code="a">050:014.3</subfield>
   <subfield code="2">MRF</subfield>
  </datafield>
  <datafield tag="222" ind1=" " ind2="0">
   <subfield code="a">Ekonomska istraživanja</subfield>
  </datafield>
  <datafield tag="245" ind1="0" ind2="0">
   <subfield code="a">Ekonomska istraživanja =</subfield>
   <subfield code="b">Economic research</subfield>
  </datafield>
  <datafield tag="246" ind1="3" ind2="1">
   <subfield code="a">Economic research</subfield>
  </datafield>
  <datafield tag="247" ind1="1" ind2="1">
   <subfield code="a">Ekonomska istraživanja :</subfield>
   <subfield code="b">znanstveno - stručni časopis = Economic research</subfield>
   <subfield code="f">-2009</subfield>
   <subfield code="g">(název se nepatrně mění)</subfield>
  </datafield>
  <datafield tag="260" ind1=" " ind2=" ">
   <subfield code="a">Pula :</subfield>
   <subfield code="b">Sveučilište Jurja Dobrile u Puli,</subfield>
   <subfield code="c">1998-</subfield>
  </datafield>
  <datafield tag="310" ind1=" " ind2=" ">
   <subfield code="a">4x ročně</subfield>
   <subfield code="b">2010-</subfield>
  </datafield>
  <datafield tag="321" ind1=" " ind2=" ">
   <subfield code="a">2x ročně</subfield>
   <subfield code="b">1998-2009</subfield>
  </datafield>
  <datafield tag="500" ind1=" " ind2=" ">
   <subfield code="a">Popsáno podle: vol. 21, 2008</subfield>
  </datafield>
  <datafield tag="500" ind1=" " ind2=" ">
   <subfield code="a">Od 2011 bez podnázvu</subfield>
  </datafield>
  <datafield tag="546" ind1=" " ind2=" ">
   <subfield code="a">Částečně v angličtině</subfield>
  </datafield>
  <datafield tag="550" ind1=" " ind2=" ">
   <subfield code="a">Vydavatel od r. 2007: Sveučilište Jurja Dobrile, Odjel za ekonomiju i turizam &quot;Dr. Mijo Mirković&quot;</subfield>
  </datafield>
  <datafield tag="650" ind1="0" ind2="7">
   <subfield code="a">ekonomie</subfield>
   <subfield code="7">ph114430</subfield>
   <subfield code="2">czenas</subfield>
  </datafield>
  <datafield tag="650" ind1="0" ind2="7">
   <subfield code="a">ekonomický výzkum</subfield>
   <subfield code="7">ph119836</subfield>
   <subfield code="2">czenas</subfield>
  </datafield>
  <datafield tag="650" ind1="0" ind2="7">
   <subfield code="a">referátové časopisy</subfield>
   <subfield code="7">ph321908</subfield>
   <subfield code="2">czenas</subfield>
  </datafield>
  <datafield tag="655" ind1=" " ind2="7">
   <subfield code="a">časopisy</subfield>
   <subfield code="7">fd133947</subfield>
   <subfield code="2">czenas</subfield>
  </datafield>
  <datafield tag="650" ind1="0" ind2="9">
   <subfield code="a">economics</subfield>
   <subfield code="2">eczenas</subfield>
  </datafield>
  <datafield tag="650" ind1="0" ind2="9">
   <subfield code="a">economic research</subfield>
   <subfield code="2">eczenas</subfield>
  </datafield>
  <datafield tag="650" ind1="0" ind2="9">
   <subfield code="a">abstract journals</subfield>
   <subfield code="2">eczenas</subfield>
  </datafield>
  <datafield tag="655" ind1=" " ind2="9">
   <subfield code="a">journals</subfield>
   <subfield code="2">eczenas</subfield>
  </datafield>
  <datafield tag="BAS" ind1=" " ind2=" ">
   <subfield code="a">PNGMM</subfield>
  </datafield>
  <datafield tag="910" ind1=" " ind2=" ">
   <subfield code="a">ABA006</subfield>
   <subfield code="r">2021-22</subfield>
   <subfield code="t">p</subfield>
   <subfield code="u">5</subfield>
  </datafield>
  <datafield tag="996" ind1=" " ind2=" ">
   <subfield code="1">PSKLA</subfield>
   <subfield code="5">127314-570</subfield>
   <subfield code="7">Vol. 34, no. 1 - Part I-III (2021)</subfield>
   <subfield code="8">20221107</subfield>
   <subfield code="a">2021</subfield>
   <subfield code="b">34</subfield>
   <subfield code="c">1-3</subfield>
   <subfield code="f">95</subfield>
   <subfield code="g">57895</subfield>
   <subfield code="h">Vol. 34, no. 1 - Part I-III (2021)</subfield>
   <subfield code="i">20210331</subfield>
   <subfield code="j">20210331</subfield>
   <subfield code="k">20220712</subfield>
   <subfield code="l">UEP01</subfield>
   <subfield code="m">ISSBD</subfield>
   <subfield code="q">Knihovna Žižkov - sklad</subfield>
   <subfield code="t">prezenční - lze objednat</subfield>
   <subfield code="u">UEP01</subfield>
  </datafield>
  <datafield tag="996" ind1=" " ind2=" ">
   <subfield code="1">PSKLA</subfield>
   <subfield code="5">127314-580</subfield>
   <subfield code="7">Vol. 35, no. 1 - Part I-VI (2022)</subfield>
   <subfield code="8">20230725</subfield>
   <subfield code="a">2022</subfield>
   <subfield code="b">35</subfield>
   <subfield code="c">1-6</subfield>
   <subfield code="f">95</subfield>
   <subfield code="g">59544</subfield>
   <subfield code="h">Vol. 35, no. 1 - Part I-VI (2022)</subfield>
   <subfield code="i">20220630</subfield>
   <subfield code="j">20220630</subfield>
   <subfield code="k">20230725</subfield>
   <subfield code="l">UEP01</subfield>
   <subfield code="m">ISSBD</subfield>
   <subfield code="q">Knihovna Žižkov - sklad</subfield>
   <subfield code="t">prezenční - lze objednat</subfield>
   <subfield code="u">UEP01</subfield>
  </datafield>
 </record>
</collection>
